Statistics for Country names in Croatian

Click here to take the quiz!

General Stats

  • This quiz has been taken 25 times
  • The average score is 23 of 28

Answer Stats

HintAnswer% Correct
BjelorusijaBelarus
92%
BugarskaBulgaria
92%
ČeškaCzech Republic
92%
FinskaFinland
92%
IrskaIreland
92%
LitvaLithuania
92%
NorveškaNorway
92%
PoljskaPoland
92%
RumunjskaRomania
92%
SlovačkaSlovakia
92%
ŠpanjolskaSpain
92%
Ujedinjeni Arapski EmiratiUnited Arab Emirates
92%
Sjeverna KorejaNorth Korea
88%
Južnoafrička RepublikaSouth Africa
88%
ŠvicarskaSwitzerland
88%
Ujedinjeno KraljevstvoUnited Kingdom
88%
BocvanaBotswana
84%
Sjedinjene Američke DržaveUnited States
84%
HrvatskaCroatia
80%
GvinejaGuinea
80%
GvajanaGuyana
80%
Srednjoafrička RepublikaCentral African Republic
76%
MalezijaMalaysia
76%
Crna GoraMontenegro
76%
NjemačkaGermany
68%
MađarskaHungary
68%
Obala BjelokostiIvory Coast
64%
Zelenortski OtociCape Verde
36%

Score Distribution

Percentile by Number Answered

Percent of People with Each Score

Your Score History

You have not taken this quiz